| 000 | 00853nam a22002417a 4500 | ||
|---|---|---|---|
| 003 | OSt | ||
| 005 | 20170518103452.0 | ||
| 008 | 170315b xxu||||| |||| 00| 0 eng d | ||
| 020 | _a0205133339 (acidfree paper) | ||
| 040 |
_aMMU _cMMU _dMMU _beng |
||
| 050 | 0 | 0 |
_aPE1408 _b.R558 1992 |
| 082 | 0 | 0 |
_a808/.042 _220 |
| 100 | 1 | _aRich, Susanna. | |
| 245 | 1 | 4 |
_aThe flexible writer : _ba basic guide / _cSusanna Rich. |
| 260 |
_aBoston : _bAllyn and Bacon, _cc1992. |
||
| 300 |
_axxi, 458 p. ; _c24 cm. |
||
| 504 | _aIncludes bibliographical references (p. 451-452) and index. | ||
| 650 | 0 |
_aEnglish language _xRhetoric. |
|
| 650 | 0 |
_aEnglish language _xGrammar. |
|
| 650 | 0 |
_aReport writing. _9548 |
|
| 942 |
_2lcc _cLOAN LOAN |
||
| 999 |
_c24802 _d24802 |
||